Anticipating and preparing for setbacks.

Christy is the 26-year-old mother of a 2-year old daughter, Cristelle. She returned to her work as an employee assistance plan counselor 4 months ago after being off on a maternity leave. One month after returning to work she separated from her husband John. She has recently moved in with her parent...

Full description

Bibliographic Details
Format: Video
Language:English
Language Notes:Closed-captions in English.
Published: Thousand Oaks, California, United States : SAGE Publications, Inc., [2015]
Series:Collaborative helping skills.
Subjects:
Online Access:Connect to this streaming video

MARC

Tag First Indicator Second Indicator Subfields
LEADER 00000cgm a2200000Mi 4500
001 in00005509607
006 m go c
007 vz |za|||
007 cr |za||||||||
008 150526r20152013cau007 f o vleng d
005 20241105202615.3
035 |a (OCoLC)on1001336427 
040 |a UAB  |b eng  |e rda  |e pn  |c UAB  |d OCLCO  |d OCLCF  |d SGPBL  |d OCLCQ  |d U3W  |d NRC  |d OCLCQ  |d OCLCO  |d OCLCA  |d OCLCO 
020 |a 9781506314846  |q (streaming video) 
020 |a 1506314848 
035 |a (OCoLC)1001336427 
041 0 |j eng 
050 4 |a BF637 
082 0 4 |a 158.3  |2 23 
049 |a TXAM 
245 0 0 |a Anticipating and preparing for setbacks. 
264 1 |a Thousand Oaks, California, United States :  |b SAGE Publications, Inc.,  |c [2015] 
300 |a 1 online resource (1 video file (7 min., 7 sec.)) :  |b sound, colour 
336 |a two-dimensional moving image  |b tdi  |2 rdacontent 
337 |a computer  |b c  |2 rdamedia 
338 |a online resource  |b cr  |2 rdacarrier 
490 1 |a Collaborative helping skills 
500 |a Previously issued: 2013. 
511 0 |a Presenter, David Paré. 
520 8 |a Christy is the 26-year-old mother of a 2-year old daughter, Cristelle. She returned to her work as an employee assistance plan counselor 4 months ago after being off on a maternity leave. One month after returning to work she separated from her husband John. She has recently moved in with her parents, who she says are caring grandparents but have many opinions about parenting that sometimes cause stresses. Christy says she is not feeling much empathy for clients at work and not getting along with workmates. Having reviewed some of the changes Christy has made, David invites her to anticipate the sort of situations that could lead to a 'backslide' so that she can better prepare for them when they come up. How does David introduce this idea and what does he do to prepare Christy for answering the question? What are the potential slippery slopes for Christy and what useful responses to these does she see? 
546 |a Closed-captions in English. 
588 0 |a Online resource; title from home page (viewed on May 27, 2015). 
650 0 |a Counseling psychology. 
650 0 |a Preparedness. 
650 6 |a Psychologie du counseling. 
650 6 |a État de préparation. 
650 7 |a Counseling psychology.  |2 fast  |0 (OCoLC)fst01740078 
650 7 |a Preparedness.  |2 fast  |0 (OCoLC)fst01075502 
655 7 |a Internet videos.  |2 fast  |0 (OCoLC)fst01750214 
655 7 |a Nonfiction television programs.  |2 fast  |0 (OCoLC)fst01710270 
655 7 |a Nonfiction television programs.  |2 lcgft 
655 7 |a Internet videos.  |2 lcgft 
655 7 |a Émissions télévisées autres que de fiction.  |2 rvmgf 
655 7 |a Vidéos sur Internet.  |2 rvmgf 
700 1 |a Paré, David A.,  |e on-screen presenter. 
830 0 |a Collaborative helping skills. 
856 4 0 |u http://proxy.library.tamu.edu/login?url=https://sk.sagepub.com/video/anticipating-and-preparing-for-setbacks  |z Connect to this streaming video  |t 0 
955 |a SAGE Knowledge Video Counseling and Psychotherapy 2024 
994 |a 92  |b TXA 
999 f f |s e069404c-8127-4c7b-a1a3-4216d42002f1  |i 94d58c3d-8fa1-4045-bb8d-dfaf5a87e74d  |t 0 
952 f f |a Texas A&M University  |b College Station  |c Electronic Resources  |d Available Online  |t 0  |e BF637   |h Library of Congress classification 
998 f f |a BF637   |t 0  |l Available Online